| 000 | 00508nam a2200229Ia 4500 | ||
|---|---|---|---|
| 008 | 210210b1951 xxu||||| |||| 00| 0 eng d | ||
| 041 | _aeng | ||
| 082 | _a960/91 | ||
| 100 | _a- | ||
| 245 | _aIAS higher chemistry from 1951 to date | ||
| 260 |
_aNew Delhi _bCareers Institute Regd. _c1951 |
||
| 300 | _a8 | ||
| 650 | _ato | ||
| 650 | _aIAS | ||
| 650 | _ahigher | ||
| 650 | _afrom | ||
| 650 | _adate | ||
| 650 | _achemistry | ||
| 650 | _a1951 | ||
| 690 | _aGeneral Knowledge | ||
| 906 | _a002375 | ||
| 999 |
_c121797 _d121797 |
||